L'Empire austro-hongrois : 1815-1918 (notice n° 2198506)

détails MARC
000 -LEADER
fixed length control field 01612cam a2200133 4500500
005 - DATE AND TIME OF LATEST TRANSACTION
control field 20260405085545.0
041 ## - LANGUAGE CODE
Language code of text/sound track or separate title fre
042 ## - AUTHENTICATION CODE
Authentication code dc
100 10 - MAIN ENTRY--PERSONAL NAME
Personal name Bérenger, Jean
Relator term author
245 00 - TITLE STATEMENT
Title L'Empire austro-hongrois : 1815-1918
260 ## - PUBLICATION, DISTRIBUTION, ETC.
Name of publisher, distributor, etc. Armand Colin,<br/>
Date of publication, distribution, etc. 2011.<br/>
520 ## - SUMMARY, ETC.
Summary, etc. L’histoire de l’empire d’Autriche mérite d’être étudiée en tant que telle, car c’était une grande puissance européenne avant 1918. Cette monarchie multinationale, multiculturelle et multiconfessionnelle, appelée après 1867 Autriche-Hongrie ou Empire austro-hongrois était un défi au mythe de l’État-nation, même si l’on y respectait la langue, la religion et la culture de chacun des sujets. Les Français, après avoir longtemps critiqué l’Autriche « prison des peuples », ont redécouvert avec « Vienne fin de siècle », l’extraordinaire contribution de la patrie de Sigmund Freud et de Gustave Mahler à la culture européenne du début du 20e siècle, tandis que d’autres travaux montraient l’importance de Budapest, de Prague ou de l’économie. C’est pourquoi nous présentons à un public sans préjugés une histoire de l’Empire austro-hongrois, difficile d’accès par sa diversité, la multiplicité de ses langues et de ses cultures. Si les aspects politiques au sens large (en particulier la question des nationalités) y tiennent une place importante, nous prenons en compte dans une trame chronologique les aspects sociaux, économiques et culturels.
856 41 - ELECTRONIC LOCATION AND ACCESS
Uniform Resource Identifier <a href="https://shs.cairn.info/l-empire-austro-hongrois--9782200248888?lang=fr&redirect-ssocas=7080">https://shs.cairn.info/l-empire-austro-hongrois--9782200248888?lang=fr&redirect-ssocas=7080</a>

Pas d'exemplaire disponible.

PLUDOC

PLUDOC est la plateforme unique et centralisée de gestion des bibliothèques physiques et numériques de Guinée administré par le CEDUST. Elle est la plus grande base de données de ressources documentaires pour les Étudiants, Enseignants chercheurs et Chercheurs de Guinée.

Adresse

627 919 101/664 919 101

25 boulevard du commerce
Kaloum, Conakry, Guinée

Réseaux sociaux

Powered by Netsen Group @ 2025